000 00269pam a2200133 a 4500
020 _c
041 _aeng
082 _bPAT
100 _aParker, Stern .
245 _aFish
_hTextual Documents
260 _a[s.l]:
_bWorld Book INC
300 _a63 pg .
930 _a6964
999 _c83875
_d83875